The Cranberries: Albums by Cover - Statistics

General Stats
  • This quiz has been taken 5 times
  • The average score is 6 of 8
Answer Stats
Picture Hint Answer % Correct
1999 Bury the Hatchet
100%
2019 In the End
80%
1994 No Need to Argue
80%
2012 Roses
80%
1996 To the Faithful Departed
80%
2001 Wake Up and Smell the Coffee
80%
1993 Everybody Else Is Doing It, So Why Can't We?
60%
2017 Something Else
60%
No matching quizzes found
Score Distribution
Percent of People with Each Score
Percentile by Number Answered
Your Score History
You have not taken this quiz